| 000 | 00583nam a22001937a 4500 | ||
|---|---|---|---|
| 005 | 20251108164233.0 | ||
| 008 | 250721s1996 xx 000 0 ara d | ||
| 082 | 1 | 4 | _a338.9/صور |
| 100 | 1 | _aالصوراني، منذر | |
| 245 | 1 | 0 | _aربط الوطن بالدنيا / |
| 264 | 1 |
_aعمان : _bالمؤلف، _c1996. |
|
| 300 | _a168ص. | ||
| 650 | 1 | 7 | _aالتنمية الإقتصادية |
| 650 | 1 | 7 | _aالإقتصاد |
| 650 | 1 | 7 | _aالتخطيط الإقتصادي |
| 650 | 1 | 7 | _aالعلاقات الإقتصادية الدولية |
| 942 |
_2ddc _cBK |
||
| 999 |
_c7136 _d7136 |
||